00630nam a2200181Ia 4500008004100000020001800041041001200059100001700071245007800088250000800166260003500174300000900209650001900218700001700237942000700254999001700261952017000278221030s9999 xx 000 0 und d a9788177583250 aEnglish aG. B. Thomas 0aCalculus & Analytical Geometry 9th Editioncby G. B. Thomas, R. L. Finney a9th bPearson EducationaNoidac2021 a1157 aBE Mathematics aR. L. Finney cBK c18782d18782 pBE 24500g929.00i83l0eRKBr2024-06-13 00:00:00w2022-10-30yBK003Print4070aMIETLIBbMIETLIBcBL-Academic Block B, FL-2, CUP-147, SH-6, R-6d2021-11-1210HBE